Homenaje a Zenón Martínez.

Guardat en:
Dades bibliogràfiques
Format: Llibre
Idioma:espanyol
Publicat: Santa Fe Universidad Nacional del Litoral 1944
Matèries:
Etiquetes: Afegir etiqueta
Sense etiquetes, Sigues el primer a etiquetar aquest registre!

MARC

LEADER 00000nam a2200000 a 4500
001 UCS2668
003 CL-VaPUC
005 20211228114444.0
008 970604e19440000AG |||||||||||||||||spa|d
999 |c 260607  |d 260605 
040 |c Pontificia Universidad Católica de Valparaíso 
082 0 4 |a 340.07 HOM 1944  |2 21 
245 1 0 |a Homenaje a Zenón Martínez. 
260 0 3 |a Santa Fe  |b Universidad Nacional del Litoral  |c 1944 
300 |a 716 páginas. 
583 |a last modification  |c 19970604 00:00:00  |k Rodrigo Vera 
650 7 |a DERECHO  |2 CL-VaPUC  |9 388348 
650 0 |a Universidades  |9 256317 
650 0 |a Abogados  |9 256284 
650 0 |a Pedagogía jurídica  |9 380883 
650 0 |a Derecho civil  |9 255013 
942 |c BK  |2 ddc 
945 |d 19970604 00:00:00  |a paguirre 
952 |0 0  |1 0  |2 ddc  |4 0  |6 340_070000000000000_HOM_1944  |7 0  |8 A  |9 286838  |a BIBDER  |b BIBDER  |d 2019-11-19  |i 1864025  |o 340.07 HOM 1944  |p 1864025  |r 2023-01-25  |t 1  |w 2019-11-19  |y BK  |k DER